000 00869nam a2200241 a 4500
001 BRCA_6316
005 20190320205418.0
008 080811s1945----nyu#######---#000-0#eng-#
041 _aeng
044 _anyu
050 4 _aD815
_b.Z52 W3
_c1945
100 1 _aWalton, Daniel Day
_d1880-
_915845
245 1 0 _aThe gentlemen are winning the peace
_bletters exchanged with William B. Ziff concerning his book ´The gentlemen talk of peace´
_cDaniel Day Walton.
260 _aNueva York
_bWillian Frederick
_c1945
300 _a92 p.
_c21 cm.
500 _aCon dedicatoria del autor a Franz Mayer
500 _aK177
600 1 4 _aZiff, William B
_d1898-1953
_q(William Bernard)
_tGentlemen talk of peace
_915846
700 1 _aZiff, William B.
_q(William Bernard)
_f1898-1953.
_915847
700 1 _aJackson, Robert Houghwout
_f1892-
_915848
902 _aGFM
942 _2lcc
_cB
999 _c6002
_d6002